| 000 | 00742nas a2200181 i 4500 | ||
|---|---|---|---|
| 001 | 173600 | ||
| 003 | ES-MaACL | ||
| 005 | 20240203062553.0 | ||
| 008 | 091211c1877 | | ||pa d | ||
| 080 | _a378.4(460.27 M.)(060.55) | ||
| 110 | 2 |
_aUniversidad Central (Madrid) _97084 |
|
| 245 | 1 | 0 | _aAnuario de 1876 á 1877 y memoria acerca del estado de la enseñanza en la Universidad Central y en los establecimientos del distrito incorporados á la misma durante el curso de 1875 á 1876. |
| 260 |
_aMadrid : _b[s.n.], _c1877 ( _fImprenta, Estereotipia y Galvanoplastia de Aribau) |
||
| 300 |
_a152 p. ; _c24 cm. |
||
| 610 | 2 | 4 |
_aUniversidad Central (Madrid)- _vMemorias. _9141782 |
| 852 |
_aES-MaACL _jT-243-F-7 |
||
| 999 |
_c173600 _d173600 |
||